000 00801nam a2200181Ia 4500
008 100921s9999 xx 000 0 und d
082 _b40753
_a294.54 न 03
100 _aबोरीकर अरूण.
245 _aभागवत सप्ताह आणि नर्मदा परिक्रमा.
260 _bअनंतपद्म प्रकाशन,नागपूर.
_c2003
300 _a158
_b---
365 _b100
520 _aधर्म- धार्मिक जीवन.
630 _aभागवत सप्ताह आणि नर्मदा परिक्रमा.
650 _aधर्म- धार्मिक जीवन.
730 _aभागवत सप्ताह आणि नर्मदा परिक्रमा.
942 _cBOOK
999 _c789866
_d789863